The title in the lyrics - 5SOS edition - Statistics

General Stats
  • This quiz has been taken 356 times
  • The average score is 22 of 45
Answer Stats
Lyrics Title % Correct
___, ___ ______, heal our blues. I dive deeper for you. Red Desert
86%
___ _____ __ _______, standing there in my American Apparel underwear. She Looks So Perfect
80%
____ _____ are bad girls that haven't been caught ! Good Girls
79%
Michael wants another slice ! Michael wants another slice ! Michael wants another slice ! _____ ! _____ ! Pizza
71%
How did we ___ __ ____ ? End Up Here
66%
I hope you think of me ____, I hope you think of ____ly, when you're with someone else... High
66%
I want to breath you in like your _____ Vapor
66%
I wish I was, I wish I was ______ ___ ! Beside You
64%
____ _____ doin' what you're doin' ! Don't Stop
63%
I love you, you love me. But ___ __ ___ ____ ___ ! Not In The Same Way
63%
I wish that I could wake up with _______ Amnesia
62%
I wanna get back to ___ _________, to the summer nights ! San Francisco
58%
We put the world away, yeah, we're so ____________ ! Disconnected
57%
That I can take away you're hurt, __________ ____ Heartbreak Girl
57%
So ____ __, ____ __, ____ __, and tell me that I'll see you again ! Kiss Me Kiss Me
57%
We'll _____ __ as young as we are now ! Never Be
57%
We'll ______ ___ the pieces of our broken hearts back together. Safety pin
56%
Take my _____, take my keys ! Money
54%
No matter where I go, I'm always gonna ____ ___ ____ Want You Back
54%
I just wanna get back to us, 'cause we used to have ____ ! More
52%
You're the reason, ___ ____ ______ The Only Reason
52%
Tell me where you're hiding your ______ ____ Voodoo Doll
52%
I'm not gonna waste my life away, this is my ____________ ___ Independence Day
50%
___ __________ We don't have to live this way ! Hey Everybody!
48%
Past love burned out like a cigarette, I promise, darling, you won't regret the ____ _____ Best Years
47%
You're just a little bit ___ __ __ _____ ! Out Of My Limit
47%
I'll find a way to fix these ______ ______ and let go ! Broken Pieces
46%
Walk my way, ___ ___ ________ Mrs. All American
46%
I wish that I was __ 18
45%
It's not a secret, that I'm just a ______ ! Rejects
45%
__________ ! say you want me ! say you want me ! Youngblood
42%
'Cause I've got a ___ _____ ____ Jet Black Heart
39%
___ __ ___ ____ now ? I wanna know the truth ! Who Do You Love
39%
Oh, the sun will rise, ________ _____ ____ Tomorrow Never Dies
38%
___ ____ ___ _____ ____ every day, ignored by gravity. But in the end, don't ask why. The Girl Who Cried Wolf
37%
_____ __ ____, maybe we'll take some time. Lover Of Mine
36%
You, you're a _____ __, win or lose, I'm screwed ! Catch 22
35%
I ____ __ __ _____, feeling low, feeling lonely. Woke Up In Japan
33%
I don't count the days, most people I hate, you're my ____ _____ ! Best Friend
32%
I'll tell you what I like, my __________ ! Wildflower
28%
__ ___ ____ ____, let me go. If You don't Know
24%
I don't wanna ____ __ ____ with somebody else ! Kill My Time
24%
I just can't stop thinking of you, ________ ___ ___ ! Wherever You Are
20%
Running from the ________ Daylight
19%
'Cause I'm always ___ ____ Too Late
8%
No matching quizzes found
Score Distribution
Percent of People with Each Score
Percentile by Number Answered
Your Score History
You have not taken this quiz